| 000 | 00689nam a2200229Ia 4500 | ||
|---|---|---|---|
| 003 | GCL | ||
| 008 | 140319s9999 xx 000 0 ara d | ||
| 040 |
_aGCL / _cGCL |
||
| 082 | 0 | 4 |
_a195 _bم ت |
| 100 | 1 | _aميخائيل ضومط | |
| 245 | 1 | 0 |
_aتوما الاكوينى: دراسة ومختارات / _cميخائيل ضومط |
| 260 |
_a[S.N] : _bدار المشرق ، _c1992 |
||
| 300 | _a146 ص | ||
| 490 | _a | ||
| 650 | 0 | 4 | _aالفلسفة |
| 650 | 0 | 4 | _aالفلاسفة |
| 650 | 0 | 4 | _aالفلسفة الغربية |
| 650 | 0 | 4 | _aفلسفة العصور الوسطى |
| 650 | 0 | 4 | _aالنقدية ( فلسفة ) |
| 650 | 0 | 4 | _aتوما الاكوينى |
| 942 |
_2ddc _cBK |
||
| 999 |
_c28191 _d28191 |
||